00625nam a2200181Ia 4500008004100000020001500041082001500056100002200071245005000093260002400143300001000167500002400177650001200201942000700213952010400220952010400324999001500428230524s9999 xx 000 0 und d a9812436944 a5.453bLOU aKenneth C. Louden 0aCompiler Construction Principles and Practice aBOSTONbVikasc2003 aX;582 aQuantity Number: 2 aComp-Sc cBK 00104070aTATCLbTATCLcGENd2023-05-24l0o5.453 LOUp6332r2023-05-24w2023-05-24yBKzPCCS4305 00104070aTATCLbTATCLcGENd2023-05-24l0o5.453 LOUp6333r2023-05-24w2023-05-24yBKzPCCS4305 c5331d5331